Najwyżej ocenieni piłkarze w historii fify - Statystyki

Ogólne statystyki
  • Ten quiz został rozwiązany 191 razy
  • Średni wynik to 50 z 96
Statystyki odpowiedzi
Kraj, overrall, wersja karty, pozycja, klub Piłkarz % Poprawnych
Argentyna, 99, TOTS, TOTY, Summer stars, Champions League, RW, CFBarcelona Messi
99%
Portugalia, 99, TOTS, TOTY, Summer stars, LW, STReal Madryt, Juventus Ronaldo
99%
Brazylia, 97, Prime icon moments, STIkona Ronaldo
99%
Brazylia, 99, Summer stars, LWPSG Neymar
94%
Polska, 99, TOTS, STBayern Lewandowski
91%
Brazylia, 99, Prime icon moments, CF, ST, CAMIkona Pele
88%
Urugwaj, 99, Festival of football, STBarcelona Suarez
88%
Belgia, 99, TOTS, Award winner, CAM, CMManchester city De Bruyne
87%
Argentyna, 99, Prime icon moments, CAMIkona Maradona
86%
Chorwacja, 99, TOTY, CMReal Madryt Modric
85%
Egipt, 98, TOTS, Potm, RWLiverpool Salah
83%
Francja, 98, TOTS, TOTY, STPSG Mbappe
78%
Belgia, 99, Festival of football, LFChelsea Hazard
77%
Holandia, 99, TOTS, TOTY, CBLiverpool Van Dijk
77%
Anglia, 98, Summer stars, STTottenham Kane
74%
Niemcy, 98, TOTY, GKBayern Neuer
74%
Belgia, 98, Summer stars, STInter Lukaku
73%
Brazylia, 99, Path to glory, STLiverpool Firmino
72%
Szwecja, 98, TOTS, STPSG Ibrahimovic
72%
Włochy, 98, Premium SBC, GKJuventus Buffon
70%
Senegal, 98, TOTS, LWLiverpool Mane
70%
Francja, 98, Festival of football, CFAtletico Madryt Griezmann
68%
Argentyna, 97, Tots, Futties, CAMJuventus Dybala
66%
Hiszpania, 98, End of era, CBReal Madryt Ramos
66%
Francja, 97, TOTS, CFReal Madryt Benzema
65%
Urugwaj, 98, Festival of football, STPSG Cavani
65%
Argentyna, 97, Summer stars, RWPSG Di Maria
62%
Włochy, 98, Path to glory, CMPSG Verratti
61%
Brazylia, 97, TOTS, TOTY, GKLiverpool Alisson
60%
Hiszpania, 97, TOTS, TOTY, GKManchester united De Gea
59%
Niemcy, 98, TOTS, CAMBvB Reus
59%
Holandia, 98, Futties, CFBarcelona Depay
57%
Francja, 97, TOTY, CDMChelsea Kante
57%
Chile, 97, Festival of football, LMManchester united Sanchez
57%
Francja, 97, Prime icon moments, CAMIkona Zidane
57%
Argentyna, 97, TOTS, STManchester city Aguero
56%
Anglia, 98, Path to glory, CAMManchester city Foden
54%
Niemcy, 96, TOTS, CMReal madryt Kroos
54%
Hiszpania, 97, Summer stars, LBBarcelona Alba
53%
Argentyna, 98, TOTS, STJuventus Higuain
53%
Brazylia, 97, Path to glory, LWReal Madryt Vinicius
52%
Portugalia, 97, TOTY, CAMManchester united Fernandes
51%
Hiszpania, 96, Premium SBC, TOTS, Inform, CM, CAMBarcelona Iniesta
51%
Hiszpania, 97, End of era, CAMManchester city Silva
51%
Francja, 97, TOTS, CBReal Madryt Varane
51%
Francja, 96, Festival of football, GKTottenham Lloris
50%
Słowenia, 96, TOTS, GKAtletico Madrid Oblak
50%
Hiszpania, 97, Inform, CMBarcelona Xavi
50%
Włochy, 96, TOTS, Summer stars, Flashback, CBJuventus Chiellini
49%
Niemcy, 96, Futties, Premium SBC, LMBayern Sane
49%
Włochy, 96, TOTY, Summer stars, CBMilan, Juventus Bonucci
48%
Gabon, 96, TOTS, Futties, STArsenal Aubameyang
47%
Francja, 96, Futties, LMBayern Coman
46%
Włochy, 96, TOTS, STLazio Immobile
46%
Holandia, 96, TOTY, Futties, RWBayern, Groningen Robben
46%
Niemcy, 97, TOTS, STRB Lipsk Werner
46%
Argentyna, 96, TOTS, STInter Martinez
44%
Hiszpania, 96, TOTS, Flashback, CBBarcelona Pique
44%
Włochy, 96, End of era, CFAs Roma Totti
44%
Dania, 96, TOTS, CAMTottenham Eriksen
43%
Belgia, 96, TOTS, STNapoli Mertens
43%
Maroko, 96, TOTS, Storyline, RM, CAMAjax, Chelsea Ziyech
43%
Urugwaj, 96, TOTS, Festival of football, CBAtletico Madryt Godin
41%
Niemcy, 96, TOTS, CBBvB Hummels
41%
Senegal, 96, TOTS, CBNapoli Koulibaly
41%
Francja, 96, TOTY, LMBayern Ribery
41%
Anglia, 96, TOTS, RMBvB Sancho
41%
Anglia, 96, Summer stars, TOTS, Award winner, LWManchester city Sterling
41%
Francja, 97, TOTS, STAs Monaco Ben Yedder
39%
Holandia, 96, Prime icon moments, CFIkona Cruyff
39%
Słowenia, 96, Europa league, GKInter Handanovic
39%
Włochy, 96, Showdown, CMChelsea Jorginho
39%
Holandia, 96, Path to glory, TOTY, CBJuventus De Ligt
38%
Argentyna, 96, Summer stars, TOTS, CAMSevilla, Atalanta Gomez
38%
Brazylia, 96, Path to glory, CBReal Madryt Militao
38%
Anglia, 96, Futties, CBAs Roma Smalling
38%
Brazylia, 96, Summer stars, STEverton Richarlison
37%
Argentyna, 98, Path to glory, CMSevilla Acuna
35%
Niemcy, 97, Summer stars, RMBayern Kimmich
35%
WKS, 96, TOTS, RMLille Pepe
35%
Anglia, 97, Path to glory, LBChelsea Chilwell
34%
Francja, 96, TOTS, CAMReal Betis Fekir
33%
Hiszpania, 96, Award winner, CMBayern Thiago
32%
Hiszpania, 97 TOTS, CAMLazio Alberto
29%
Słowenia, 96, TOTS, STAtalanta Ilicic
29%
Hiszpania, 97, Festival of football, Path to glory, LM, CMReal Madryt Isco
29%
Włochy, 96, Futties, CDMMilan Tonali
29%
Hiszpania, 96, Path to glory, RBAtletico Madryt Llorente
28%
Argentyna, 96, Showdown, STAtletico Madryt Correa
25%
Meksyk, 96, TOTS, RWLAFC Vela
25%
Argentyna, 96, Path to glory, RBPSG Paredes
23%
Hiszpania, 96, End of era, STAthletic Bilbao Aduriz
19%
Hiszpania, 96, UCL Live, CAMPSG Sarabia
17%
Włochy, 96, TOTS, STSampdoria Quagliarella
16%
Senegal, 96, Futties, RMAs Monaco Diatta
15%
Brazylia, 96, Futties, RBTrabzonspor Peres
12%
Nie znaleziono quizów pasujących do podanych kryteriów
Rozkład punktacji
Procent ludzi z każdym wynikiem
Percentyl według liczby udzielonych odpowiedzi
Twoja historia wyników
Nie rozwiązałeś tego quizu